| 000 | 00607nac a22001811u 4500 | ||
|---|---|---|---|
| 010 | _a 79022647 | ||
| 020 | _a0132953293 | ||
| 082 | 0 | 0 |
_a620.112028 _bSAN |
| 090 |
_c6163 _d6163 |
||
| 100 | _aSandor, Bela Imre. | ||
| 245 | 1 | 0 |
_aExperiments in strength of materials / _cBela I. Sandor. |
| 260 |
_aEnglewood Cliffs, N.J. : _bPrentice-Hall,c1980. _cc1980. |
||
| 300 |
_aviii, 110 p. : _bill. ; _c28 cm. |
||
| 500 | _aDistributer: AL-Ahram. | ||
| 511 | _aCatalogued By: Mahitab. | ||
| 650 | 0 |
_aStrength of materials _xLaboratory manuals. |
|
| 942 |
_cBB _k620.112028SAN |
||
| 999 |
_c6163 _d6163 |
||